Trenere i Ham-Kam 1965-2020 - Statistics

General Stats
  • This quiz has been taken 64 times
    9 since last reset
  • The average score is 13 of 42
Answer Stats
År Hovedtrener % Correct
2003-2005 Ståle Solbakken
100%
2020 Kjetil Rekdal
89%
2020 Espen Olsen
78%
2020 Geir Frigård
78%
2014 Peter Sørensen
78%
1966 Tore Sørensen
78%
2009-2014 Vegard Skogheim
78%
2007-2009 Arne Erlandsen
67%
2006 Frode Grodås
67%
2019 Gaute Ugelstad Helstrup
67%
2016-2018 Kevin Knappen
67%
2014 Chris Twiddy
56%
2015 Kent Bergersen
56%
2014 Svein Inge Haagenrud
44%
2001-2002 Svein Cato Bakkemo
33%
1998 Terje Kojedal
33%
1983, 1986, 1987, 2000 Tom Jacobsen
33%
1979-1982 Ian Crawford
22%
2000 Alf Inge Ingelstad
11%
1990 Alf Inge Notkevich
11%
1999-2000 Conny Karlsson
11%
1976-1977 Finn Salvesen
11%
1978, 1985 Finn Thorsen
11%
1965 Frank Hansen
11%
1988-1989 Hasse Karlsson
11%
1997 Ivar Hoff
11%
1996,1997 Knut Hagen
11%
1964, 1971-1972 Kristian Finborud
11%
1991-1995 Peter Engelbrektsson
11%
1978 Stein Karlsen
11%
1998 Viggo Sundmoen
11%
1973-1974 Alan Brown
0%
1967, 1969-1970, 1975 Arne Olsen
0%
1983 Kai Nyland
0%
1970 Karl Adamek
0%
1970 Martin Strandlie
0%
1986-1987 Peter Mykleset
0%
1975 Rolf Nybakken
0%
1984-1985 Sven-Agne Larsson
0%
1977 Tom Glenn Lilledal
0%
2000 Tom Stensrud
0%
1949-1952, 1968 Willem Cerveny
0%
No matching quizzes found
Score Distribution
Percent of People with Each Score
Percentile by Number Answered
Your Score History
You have not taken this quiz since the last reset